[Event "SR 1. liga zapad 2015/2016"]
[Site "?"]
[Date "2016.01.23"]
[Round "7.2"]
[White "Horvath, Marian"]
[Black "Meszaros, Nikolas"]
[Result "1-0"]
[WhiteElo "2168"]
[BlackElo "1766"]
[PlyCount "59"]
[EventDate "2015.??.??"]

1. c4 e5 2. Nc3 Nf6 3. g3 Bc5 4. Bg2 c6 5. e3 d6 6. Nge2 Bf5 7. d4 exd4 8. Nxd4
Bxd4 9. Qxd4 Qe7 10. O-O O-O 11. e4 Bg6 12. Bg5 Na6 13. Rad1 Rad8 14. f4 h6 15.
Bh4 Nc5 16. f5 Bh7 17. Rf2 Rd7 18. Bf3 Re8 19. Rfd2 Red8 20. g4 b6 21. Rg2 Kf8
22. g5 hxg5 23. Bxg5 Na6 24. h4 c5 25. Qf2 Qe5 26. Nd5 Nc7 27. Bf4 Qe8 28. Qg3
Ncxd5 29. Qxg7+ Ke7 30. exd5 1-0

[Event "SR 1. liga zapad 2015/2016"]
[Site "?"]
[Date "2016.01.23"]
[Round "7.3"]
[White "Smolen, Jan"]
[Black "Zetocha, Claudiu"]
[Result "0-1"]
[WhiteElo "2428"]
[BlackElo "2319"]
[PlyCount "104"]
[EventDate "2015.??.??"]

1. e4 c5 2. Nf3 e6 3. d4 cxd4 4. Nxd4 a6 5. Bd3 g6 6. f4 Bg7 7. Nf3 Nc6 8. Nc3
d6 9. O-O Nf6 10. Qe1 O-O 11. Be3 Ng4 12. Bd2 b5 13. Rd1 Nb4 14. Bc1 Nxd3 15.
Rxd3 b4 16. Ne2 a5 17. h3 Nf6 18. Rd4 Ba6 19. Rf2 Qb6 20. Be3 Qc7 21. Ng3 e5
22. Rd1 Bb7 23. Bc1 Rfe8 24. f5 d5 25. fxg6 hxg6 26. Ng5 Rad8 27. Qf1 dxe4 28.
Re1 Qe7 29. Be3 Bd5 30. Qb5 Qb7 31. Qxa5 Ra8 32. Qc5 Rec8 33. Qd6 Ne8 34. Qb6
Qxb6 35. Bxb6 f5 36. Rd1 Nf6 37. Rfd2 Bh6 38. h4 Rc6 39. Bf2 f4 40. Rxd5 Nxd5
41. N3xe4 Ne3 42. Rd7 Rxa2 43. Kh2 Rxb2 44. Kh3 Rb1 45. Kh2 Rf1 46. g3 Rc1 47.
Nh7 Bg7 48. Neg5 Rc8 49. Bg1 Ng4+ 50. Kg2 R1xc2+ 51. Kf3 R8c3+ 52. Ke4 Re2+ 0-1

[Event "SR 1. liga zapad 2015/2016"]
[Site "?"]
[Date "2016.01.23"]
[Round "7.3"]
[White "Petran, Peter"]
[Black "Schwarz, Dusan"]
[Result "1/2-1/2"]
[WhiteElo "2346"]
[BlackElo "2283"]
[PlyCount "112"]
[EventDate "2015.??.??"]

1. Nf3 d5 2. c4 d4 3. d3 Nc6 4. g3 e5 5. Bg2 Nf6 6. O-O Nd7 7. e3 Be7 8. exd4
exd4 9. b3 O-O 10. Ba3 Bxa3 11. Nxa3 Nc5 12. Ne1 Bf5 13. g4 Bd7 14. f4 Re8 15.
Nac2 a5 16. h3 Qe7 17. Rb1 Rad8 18. a3 Rb8 19. Qd2 a4 20. b4 Nb3 21. Qf2 Qe2
22. Qxe2 Rxe2 23. Rf2 Re7 24. Nf3 b5 25. Nd2 bxc4 26. dxc4 d3 27. Ne1 Ncd4 28.
Nxb3 axb3 29. Nxd3 h5 30. f5 hxg4 31. hxg4 Re3 32. Nc5 Bc6 33. Bxc6 Nxc6 34.
Rxb3 Rxb3 35. Nxb3 Ra8 36. b5 Rxa3 37. Rb2 Ne5 38. c5 Ra4 39. Rb1 Rxg4+ 40. Kf1
Rf4+ 41. Ke2 Re4+ 42. Kd1 Rb4 43. Nd2 Rxb1+ 44. Nxb1 Kf8 45. Kd2 Nd7 46. c6 Nb6
47. Kd3 Ke7 48. Nc3 g6 49. fxg6 fxg6 50. Kd4 Ke6 51. Ne4 Nc8 52. Nc5+ Ke7 53.
Na6 Kd6 54. Ke4 Ne7 55. Kf4 Nxc6 56. bxc6 Kxc6 1/2-1/2

[Event "SR 1. liga zapad 2015/2016"]
[Site "?"]
[Date "2016.01.23"]
[Round "7.3"]
[White "Vlcek, Stanislav"]
[Black "Franzen, Jozef"]
[Result "1-0"]
[WhiteElo "2287"]
[BlackElo "2302"]
[PlyCount "65"]
[EventDate "2015.??.??"]

1. e4 e5 2. Nf3 Nc6 3. Bb5 Bc5 4. O-O Nge7 5. c3 Bb6 6. d4 exd4 7. cxd4 d5 8.
exd5 Nxd5 9. Bg5 Qd6 10. Re1+ Be6 11. Nbd2 O-O 12. Nc4 Qb4 13. Bxc6 bxc6 14.
Rc1 Rfe8 15. a3 Qf8 16. Nxb6 cxb6 17. Rxc6 Bg4 18. Re5 f6 19. Rxd5 Bxf3 20.
gxf3 fxg5 21. Rxg5 Re7 22. Qd3 Qe8 23. d5 Rd8 24. Rh6 g6 25. Rh4 Re5 26. Rhg4
Rdxd5 27. Qxd5+ Rxd5 28. Rxd5 Qe2 29. Rd8+ Kg7 30. Rd7+ Kf6 31. Rf4+ Kg5 32.
h4+ Kh6 33. Rff7 1-0

[Event "SR 1. liga zapad 2015/2016"]
[Site "?"]
[Date "2016.01.23"]
[Round "7.3"]
[White "Janos, Martin"]
[Black "Macko, Peter"]
[Result "1-0"]
[WhiteElo "2260"]
[BlackElo "2134"]
[PlyCount "47"]
[EventDate "2015.??.??"]

1. e4 e6 2. d4 d5 3. Nd2 c5 4. Ngf3 Nf6 5. e5 Nfd7 6. c3 Nc6 7. a3 Qb6 8. Bd3
Be7 9. O-O O-O 10. Re1 Rd8 11. Nf1 Nf8 12. Rb1 Bd7 13. Ng3 g6 14. Qd2 cxd4 15.
Qh6 f5 16. exf6 Bxf6 17. Nh5 Bh8 18. Ng5 Ne7 19. Bf4 Bb5 20. Bxg6 hxg6 21.
Qxh8+ Kxh8 22. Be5+ Kg8 23. Nf6+ Kg7 24. Ng4+ 1-0

[Event "SR 1. liga zapad 2015/2016"]
[Site "?"]
[Date "2016.01.23"]
[Round "7.3"]
[White "Orolin, Peter"]
[Black "Ac, Michal"]
[Result "0-1"]
[WhiteElo "2043"]
[BlackElo "2145"]
[PlyCount "88"]
[EventDate "2015.??.??"]

1. Nf3 Nf6 2. d4 g6 3. c4 Bg7 4. g3 O-O 5. Bg2 d6 6. O-O Nbd7 7. Nc3 e5 8. b3
Qe7 9. Bb2 c6 10. e4 Re8 11. Re1 Nf8 12. h3 h6 13. Qd2 N6h7 14. Ba3 Qf6 15.
dxe5 dxe5 16. Qe3 Ne6 17. Ne2 Nhg5 18. Nxg5 hxg5 19. Rad1 Nd4 20. Nxd4 exd4 21.
Qd2 Qe5 22. c5 Be6 23. Qb4 Re7 24. Rd3 Rd7 25. Red1 a5 26. Qd2 a4 27. b4 Bc4
28. f4 gxf4 29. gxf4 Qh5 30. Rg3 Bh6 31. Bc1 Bxf4 32. Bf3 Bxd2 33. Bxh5 Bxc1
34. Rxc1 Bxa2 35. Be2 Be6 36. Ra1 d3 37. Rxd3 Rxd3 38. Bxd3 Bxh3 39. Bc2 a3 40.
Bb3 Kg7 41. Kf2 Kf6 42. Ke3 Be6 43. Bxe6 Kxe6 44. Kf4 a2 0-1

[Event "SR 1. liga zapad 2015/2016"]
[Site "?"]
[Date "2016.01.23"]
[Round "7.3"]
[White "Janos, Jozef"]
[Black "Bednar, Jan"]
[Result "1/2-1/2"]
[WhiteElo "2118"]
[BlackElo "2104"]
[PlyCount "48"]
[EventDate "2015.??.??"]

1. d4 f5 2. c4 Nf6 3. Nc3 e6 4. g3 Bb4 5. Qb3 c5 6. e3 Nc6 7. a3 Ba5 8. Nge2
Ne4 9. Bg2 Qf6 10. O-O Bxc3 11. bxc3 O-O 12. f3 Nd6 13. dxc5 Na5 14. Qb4 Ndxc4
15. f4 Rb8 16. Nd4 b6 17. e4 fxe4 18. Bxe4 bxc5 19. Qxb8 cxd4 20. Qxa7 dxc3 21.
Rb1 Nd2 22. Bxd2 cxd2 23. Qe3 Ba6 24. Qxd2 Bxf1 1/2-1/2

[Event "SR 1. liga zapad 2015/2016"]
[Site "?"]
[Date "2016.01.23"]
[Round "7.3"]
[White "Polacik, Igor"]
[Black "Mikulas, Dusan"]
[Result "1-0"]
[WhiteElo "2114"]
[BlackElo "2066"]
[PlyCount "55"]
[EventDate "2015.??.??"]

1. e4 e5 2. Nc3 Nf6 3. Bc4 Nc6 4. d3 Bc5 5. Nf3 h6 6. Be3 Bb6 7. Bxb6 axb6 8.
d4 exd4 9. Nxd4 d6 10. O-O O-O 11. Re1 Ne5 12. Bf1 Ng6 13. h3 Re8 14. g3 Bd7
15. Kh2 h5 16. Qd2 h4 17. g4 Ne5 18. f4 c5 19. fxe5 cxd4 20. Qxd4 dxe5 21. Qd2
Qe7 22. Bc4 Bc6 23. Qe2 Rad8 24. g5 Nxe4 25. Nxe4 Bxe4 26. Qxe4 Rd2+ 27. Re2
Rd4 28. Qxd4 1-0

[Event "SR 1. liga zapad 2015/2016"]
[Site "?"]
[Date "2016.01.23"]
[Round "7.3"]
[White "Sulek, Viliam"]
[Black "Krajnak, Robert"]
[Result "0-1"]
[WhiteElo "2069"]
[BlackElo "2096"]
[PlyCount "114"]
[EventDate "2015.??.??"]

1. e4 c5 2. Nf3 e6 3. d4 cxd4 4. Nxd4 Qc7 5. g3 a6 6. Bg2 Nf6 7. O-O Nc6 8. Nc3
d6 9. Re1 Bd7 10. Bg5 Be7 11. Nxc6 Bxc6 12. Bxf6 Bxf6 13. Nd5 Bxd5 14. exd5 e5
15. a4 O-O 16. Bf1 Rfc8 17. c4 a5 18. Rb1 Qc5 19. Qd2 Bd8 20. b3 Bb6 21. Re4 f5
22. Rh4 Rf8 23. Rb2 Qc7 24. Qg5 Qf7 25. Qh5 g6 26. Qh6 Bc5 27. Kh1 Rae8 28. Re2
Qc7 29. Qg5 Qb6 30. Rh6 Kg7 31. Rh4 Rf7 32. Qd2 Qxb3 33. Qxa5 g5 34. Rh3 Qxc4
35. Qd2 h6 36. Qa2 Qxa2 37. Rxa2 Rc8 38. Bb5 g4 39. Rh5 Kg6 40. Rh4 Bb6 41. h3
Bd8 42. Be8 Bxh4 43. Bxf7+ Kxf7 44. gxh4 Rc5 45. hxg4 fxg4 46. Rb2 Rxd5 47.
Rxb7+ Kg6 48. Rb5 Rd2 49. Kg2 Kh5 50. a5 Kxh4 51. a6 Ra2 52. Rb6 g3 53. Rxd6
Rxf2+ 54. Kg1 h5 55. Rh6 Ra2 56. Kh1 Kg4 57. Rd6 Kh3 0-1

[Event "SR 1. liga zapad 2015/2016"]
[Site "?"]
[Date "2016.01.23"]
[Round "7.4"]
[White "Maslik, Miroslav"]
[Black "Certek, Pavel"]
[Result "1/2-1/2"]
[WhiteElo "2342"]
[BlackElo "2293"]
[PlyCount "102"]
[EventDate "2015.??.??"]

1. d4 d5 2. c4 dxc4 3. e3 e5 4. Bxc4 exd4 5. exd4 Nf6 6. Nf3 Be7 7. O-O O-O 8.
Nc3 Nbd7 9. Bb3 Nb6 10. Re1 c6 11. Ne5 Nbd5 12. Bd2 Be6 13. Na4 Nd7 14. Rc1 Re8
15. Qf3 Bf8 16. Rcd1 Qc7 17. Nxd7 Qxd7 18. h3 Nc7 19. Bc2 Bd5 20. Qd3 g6 21.
Nc5 Qc8 22. a4 Bg7 23. b4 Ne6 24. Be3 Qc7 25. a5 Rad8 26. Qa3 a6 27. Nxe6 Rxe6
28. Qc3 Rde8 29. Bd2 Rxe1+ 30. Rxe1 Rxe1+ 31. Bxe1 Qf4 32. Bd2 Bxd4 33. Bxf4
Bxc3 34. Bd6 f5 35. Bc5 Kf7 36. f4 Bd2 37. g3 h5 38. Kf2 Ke6 39. Ke2 Bc1 40.
Kd1 Bb2 41. Kd2 Bc4 42. Bd1 Bf6 43. h4 Bd5 44. Kd3 Be4+ 45. Kd2 Bb2 46. Bb3+
Bd5 47. Bd1 Ba2 48. Bf3 Bb3 49. Be2 Kd5 50. Bf3+ Ke6 51. Be2 Kd5 1/2-1/2

[Event "SR 1. liga zapad 2015/2016"]
[Site "?"]
[Date "2016.01.23"]
[Round "7.4"]
[White "Havlicek, Libor Ml"]
[Black "Balogh, Tomas"]
[Result "1/2-1/2"]
[WhiteElo "2264"]
[BlackElo "2335"]
[PlyCount "56"]
[EventDate "2015.??.??"]

1. d4 Nf6 2. Nf3 d5 3. g3 Bf5 4. Bg2 e6 5. O-O Be7 6. c4 c6 7. Nc3 Ne4 8. Ne5
Nxc3 9. bxc3 Nd7 10. Qb3 Nxe5 11. dxe5 Qc7 12. cxd5 cxd5 13. c4 dxc4 14. Qb5+
Qd7 15. Qxc4 O-O 16. Qb3 Rab8 17. Be3 b6 18. Rfd1 Qc8 19. Rac1 Qa6 20. Bf3 Bc5
21. g4 Bg6 22. Bxc5 bxc5 23. Qc4 Qxc4 24. Rxc4 Rb2 25. a3 Rb3 26. Rxc5 Rxa3 27.
Rd7 h6 28. Rcc7 Ra5 1/2-1/2

[Event "SR 1. liga zapad 2015/2016"]
[Site "?"]
[Date "2016.01.23"]
[Round "7.4"]
[White "Sahidi, Samir"]
[Black "Hacik, Radomir"]
[Result "1/2-1/2"]
[WhiteElo "2224"]
[BlackElo "2189"]
[PlyCount "147"]
[EventDate "2015.??.??"]

1. e4 d6 2. d4 Nf6 3. f3 g6 4. Be3 Bg7 5. Qd2 c6 6. c4 e5 7. d5 c5 8. Nc3 O-O
9. Bg5 Re8 10. g4 Nbd7 11. h4 Nf8 12. Nge2 Bd7 13. h5 Qa5 14. Nc1 a6 15. Nb3
Qc7 16. a4 b5 17. axb5 axb5 18. Nxb5 Bxb5 19. cxb5 Rxa1+ 20. Nxa1 Qa7 21. Nc2
N6d7 22. Na3 Nb6 23. Kf2 Qa4 24. Be3 Nfd7 25. Be2 Rc8 26. Rc1 f5 27. gxf5 gxf5
28. Rg1 Kh8 29. Bd1 Qa8 30. Ke1 f4 31. Bf2 Bf6 32. Be2 Rg8 33. Bf1 Qe8 34. Rh1
Rg5 35. h6 Rh5 36. Rxh5 Qxh5 37. Bg2 Bh4 38. Bxh4 Qxh4+ 39. Kf1 Qxh6 40. Qf2
Nf6 41. b3 Nfd7 42. Qa2 Qf8 43. Nb1 Qb8 44. Nd2 Qc7 45. Qa6 Nb8 46. Qa2 N8d7
47. Bh3 c4 48. bxc4 Nc5 49. Ke2 Nca4 50. Qa3 Qd8 51. Qb4 Kg7 52. Nb3 Qc7 53.
Na5 Kf8 54. Nc6 Nc5 55. Kf2 Kg7 56. Kg1 h5 57. Qa5 Kf6 58. Qa7 Qxa7 59. Nxa7
Nxc4 60. Nc8 Na4 61. Bf1 Nab6 62. Nxb6 Nxb6 63. Kh2 Ke7 64. Kh3 Nd7 65. Kh4 Nb6
66. Kxh5 Nd7 67. Kg4 Nb6 68. Kh3 Na4 69. Kg2 Kd7 70. Kf2 Kc7 71. Ke2 Nb6 72.
Kd3 Na4 73. Kc4 Kb6 74. Kb4 1/2-1/2

[Event "SR 1. liga zapad 2015/2016"]
[Site "?"]
[Date "2016.01.23"]
[Round "7.4"]
[White "Kubala, Jan"]
[Black "Balogh, Peter"]
[Result "0-1"]
[WhiteElo "2201"]
[BlackElo "2255"]
[PlyCount "48"]
[EventDate "2015.??.??"]

1. e4 e6 2. d3 d5 3. Nd2 c5 4. Ngf3 Nc6 5. g3 Bd6 6. Bg2 Nge7 7. O-O O-O 8. Re1
f6 9. c3 d4 10. Nc4 e5 11. Qb3 Kh8 12. cxd4 cxd4 13. Bd2 Bc7 14. Rac1 Rb8 15.
a4 Be6 16. Qc2 a6 17. b4 b5 18. axb5 axb5 19. Na5 Bxa5 20. bxa5 b4 21. Qa4 Qxa5
22. Qxa5 Nxa5 23. Rc7 Nac6 24. Rc1 b3 0-1

[Event "SR 1. liga zapad 2015/2016"]
[Site "?"]
[Date "2016.01.23"]
[Round "7.4"]
[White "Macko, Miroslav"]
[Black "Sosovicka, Juraj"]
[Result "1/2-1/2"]
[WhiteElo "2172"]
[BlackElo "2202"]
[PlyCount "111"]
[EventDate "2015.??.??"]

1. e4 e6 2. d4 d5 3. Nd2 dxe4 4. Nxe4 Bd7 5. Nf3 Bc6 6. Bd3 Nd7 7. O-O Ngf6 8.
Qe2 Nxe4 9. Bxe4 Bxe4 10. Qxe4 c6 11. c4 Be7 12. Qc2 O-O 13. b3 Bf6 14. Bb2 Qc7
15. Rad1 Rfd8 16. Nd2 g6 17. Ne4 Bg7 18. Rd3 Nf6 19. Ng5 Ng4 20. Nf3 e5 21.
dxe5 Nxe5 22. Bxe5 Bxe5 23. Rfd1 Bf6 24. g3 Rxd3 25. Rxd3 Rd8 26. Kg2 h5 27.
Rxd8+ Qxd8 28. Qe4 Kg7 29. Qe2 Qe7 30. Qd3 Qa3 31. Qd7 Qe7 32. Qd3 Qd8 33. Qe2
Qd7 34. Nd2 h4 35. g4 Qd6 36. Ne4 Qf4 37. Qf3 Be5 38. Qxf4 Bxf4 39. h3 f5 40.
gxf5 gxf5 41. Nc5 Kf6 42. Nxb7 Ke5 43. Kf3 Bg5 44. Nc5 Be7 45. Nd3+ Kd4 46. Nf4
Kc3 47. Ng6 Bf6 48. Kf4 Bd4 49. Nxh4 Bxf2 50. Nxf5 Kb2 51. b4 Kxa2 52. b5 cxb5
53. cxb5 Kb3 54. Ke5 Kb4 55. Nd6 Ka5 56. Kd5 1/2-1/2

[Event "SR 1. liga zapad 2015/2016"]
[Site "?"]
[Date "2016.01.23"]
[Round "7.4"]
[White "Castiglione, Mario"]
[Black "Slacky, Stanislav"]
[Result "1-0"]
[WhiteElo "2204"]
[BlackElo "2183"]
[PlyCount "77"]
[EventDate "2015.??.??"]

1. e4 Nf6 2. d3 d5 3. Nd2 dxe4 4. dxe4 Nc6 5. Bb5 Bd7 6. Ngf3 e6 7. O-O Be7 8.
Qe2 O-O 9. Rd1 Nb4 10. c3 Bxb5 11. Qxb5 a6 12. Qf1 Nc6 13. e5 Nd5 14. Ne4 Qe8
15. c4 Nb6 16. Be3 Nd7 17. Bf4 Nc5 18. Ng3 f6 19. exf6 Bxf6 20. Bxc7 Rf7 21.
Bd6 Na4 22. Rab1 Nxb2 23. Re1 Rd8 24. c5 b5 25. cxb6 Rxd6 26. Ne4 Qd8 27. Nxd6
Qxd6 28. Qxa6 Nd4 29. Qc8+ Rf8 30. b7 Qb8 31. Rec1 Ne2+ 32. Kh1 Qd6 33. b8=Q
Qxb8 34. Qxe6+ Kh8 35. Qxe2 Qb4 36. Rc2 Rb8 37. Ne5 Qf4 38. Rbxb2 Re8 39. Nf7+
1-0

[Event "SR 1. liga zapad 2015/2016"]
[Site "?"]
[Date "2016.01.23"]
[Round "7.4"]
[White "Dujava, Daniel"]
[Black "Kovac, Andrej"]
[Result "1-0"]
[WhiteElo "2134"]
[BlackElo "2197"]
[PlyCount "83"]
[EventDate "2015.??.??"]

1. e4 e6 2. d4 d5 3. Nc3 Bb4 4. e5 c5 5. a3 Bxc3+ 6. bxc3 Qc7 7. Qg4 Ne7 8.
Qxg7 Rg8 9. Qxh7 cxd4 10. Ne2 dxc3 11. f4 Nbc6 12. Qd3 d4 13. Nxd4 Nxd4 14.
Qxd4 Bd7 15. Rg1 Nf5 16. Qf2 Rh8 17. g4 Nh4 18. Rg3 Bc6 19. Rxc3 O-O-O 20. Rb1
Kb8 21. Be3 Nf3+ 22. Qxf3 Bxf3 23. Bxa7+ Kxa7 24. Rxc7 Rxh2 25. Rxf7 Bxg4 26.
Rbxb7+ Ka8 27. Ra7+ Kb8 28. Rab7+ Ka8 29. Ra7+ Kb8 30. Bd3 Bf3 31. Rh7 Rd4 32.
Raf7 Rxh7 33. Bxh7 Ra4 34. Kf2 Rxa3 35. f5 Bg4 36. f6 Rf3+ 37. Kg2 Rf4 38. Kg3
Rd4 39. Rg7 Bh5 40. Bg6 Rg4+ 41. Kh3 Rxg6 42. f7 1-0

[Event "SR 1. liga zapad 2015/2016"]
[Site "?"]
[Date "2016.01.23"]
[Round "7.4"]
[White "Sosovicka, Matej"]
[Black "Pytlik, Pavol"]
[Result "1/2-1/2"]
[WhiteElo "2150"]
[BlackElo "2095"]
[PlyCount "53"]
[EventDate "2015.??.??"]

1. e4 e6 2. d4 d5 3. Nd2 dxe4 4. Nxe4 Nd7 5. Nf3 Ngf6 6. Nxf6+ Nxf6 7. Bc4 Be7
8. O-O O-O 9. Qe2 b6 10. Bg5 Bb7 11. Rad1 Nd5 12. Bc1 Qd6 13. Ne5 Rad8 14. Rfe1
c5 15. c3 cxd4 16. Rxd4 Bf6 17. Bd3 Qxe5 18. Qxe5 Bxe5 19. Rxe5 Nb4 20. Rxd8
Rxd8 21. Be2 Nd3 22. Bxd3 Rxd3 23. Re1 Bd5 24. a3 a5 25. f3 a4 26. Kf2 b5 27.
Re3 1/2-1/2

[Event "SR 1. liga zapad 2015/2016"]
[Site "?"]
[Date "2016.01.23"]
[Round "7.5"]
[White "Gasa, Andrej"]
[Black "Borik, Juraj"]
[Result "1/2-1/2"]
[WhiteElo "2298"]
[BlackElo "2153"]
[PlyCount "65"]
[EventDate "2015.??.??"]

1. d4 d5 2. c4 c6 3. Nc3 Nf6 4. Nf3 e6 5. e3 Bd6 6. Be2 O-O 7. O-O Nbd7 8. Qc2
dxc4 9. Bxc4 e5 10. h3 a6 11. Bb3 Qe7 12. Ne4 Nxe4 13. Qxe4 exd4 14. Qxe7 Bxe7
15. exd4 c5 16. Re1 Bf6 17. Bg5 cxd4 18. Bxf6 Nxf6 19. Nxd4 Re8 20. Rxe8+ Nxe8
21. Bd5 Rb8 22. Rc1 Kf8 23. Rc3 Bd7 24. Nf3 f6 25. Nd4 b6 26. Ne6+ Ke7 27. Re3
Kd6 28. Bb3 Bxe6 29. Rxe6+ Kd7 30. Re2 Nd6 31. Be6+ Kd8 32. Rd2 Ke7 33. Re2
1/2-1/2

[Event "SR 1. liga zapad 2015/2016"]
[Site "?"]
[Date "2016.01.23"]
[Round "7.5"]
[White "Kovacik, Emil"]
[Black "Rohacek, Miroslav"]
[Result "0-1"]
[WhiteElo "2176"]
[BlackElo "2293"]
[PlyCount "130"]
[EventDate "2015.??.??"]

1. e4 c5 2. c3 g6 3. d4 cxd4 4. cxd4 Bg7 5. Nc3 d6 6. Nf3 Nf6 7. Be2 O-O 8. O-O
d5 9. e5 Ne8 10. Qb3 Nc7 11. Bf4 Nc6 12. h3 Na5 13. Qa4 b6 14. Rac1 Bb7 15. Bg3
Bc6 16. Qd1 Qd7 17. b3 Rac8 18. Qd2 Rfd8 19. Rfe1 Ne6 20. Bf4 Rc7 21. Ng5 Nxf4
22. Qxf4 e6 23. Nb5 Bxb5 24. Bxb5 Qe7 25. Rxc7 Qxc7 26. Rc1 Qe7 27. Qxf7+ Qxf7
28. Nxf7 Kxf7 29. Rc7+ Kf8 30. Rxa7 Rc8 31. Bd7 Rc1+ 32. Kh2 Nc6 33. Bxc6 Rxc6
34. f4 Kg8 35. Rb7 Bf8 36. a4 Bb4 37. g4 Rc2+ 38. Kg1 Bc3 39. Rb8+ Kf7 40. Rb7+
Ke8 41. Rxh7 Bxd4+ 42. Kh1 Kf8 43. b4 Be3 44. Rb7 d4 45. Rd7 Ra2 46. Rd6 Ke7
47. h4 Bxf4 48. Rxd4 Bxe5 49. Re4 Kd6 50. a5 bxa5 51. bxa5 Kd5 52. Rb4 Rxa5 53.
h5 gxh5 54. gxh5 Ra1+ 55. Kg2 Ra2+ 56. Kf3 Rh2 57. Kg4 Bd4 58. Kg5 e5 59. Ra4
e4 60. Ra5+ Kc4 61. Kf4 Kd3 62. Kg3 Rh1 63. Kg2 Rg1+ 64. Kh2 Rg8 65. h6 e3 0-1

[Event "SR 1. liga zapad 2015/2016"]
[Site "?"]
[Date "2016.01.23"]
[Round "7.5"]
[White "Jozefek, Michal"]
[Black "Prasek, Ivan"]
[Result "0-1"]
[WhiteElo "2203"]
[BlackElo "2003"]
[PlyCount "122"]
[EventDate "2015.??.??"]

1. d4 Nf6 2. c4 g6 3. Nc3 Bg7 4. e4 d6 5. Be2 O-O 6. Bg5 c5 7. d5 h6 8. Bf4 b5
9. cxb5 a6 10. Nf3 Qa5 11. Bd2 axb5 12. Nxb5 Qb6 13. Qc2 Na6 14. a4 Bd7 15. O-O
Rfb8 16. Rab1 Ne8 17. Rfe1 Nec7 18. Nxc7 Nxc7 19. b3 Na6 20. Bc3 Nb4 21. Qb2
Bxc3 22. Qxc3 e6 23. dxe6 Bxe6 24. Bc4 Re8 25. Nd2 d5 26. exd5 Bxd5 27. Bxd5
Nxd5 28. Qc4 Nf6 29. Ne4 Nxe4 30. Rxe4 Rxe4 31. Qxe4 Rd8 32. h3 Qf6 33. Qe3 Qf5
34. Rc1 Rd3 35. Qxc5 Rd1+ 36. Rxd1 Qxc5 37. Rd3 Qc1+ 38. Kh2 Qf4+ 39. Kg1 Qc1+
40. Kh2 Qc2 41. Rf3 h5 42. g3 g5 43. g4 Kg7 44. Kg3 Qd1 45. Re3 Qg1+ 46. Kf3
Qd1+ 47. Kg3 f5 48. gxf5 Qg1+ 49. Kf3 g4+ 50. Ke2 gxh3 51. Rxh3 Qg4+ 52. Rf3 h4
53. Ke3 h3 54. Rg3 Qxg3+ 55. fxg3 h2 56. Kd4 h1=Q 57. Kc5 Qa8 58. Kb5 Qd5+ 59.
Kb4 Qxf5 60. a5 Kf6 61. Ka4 Qd7+ 0-1

[Event "SR 1. liga zapad 2015/2016"]
[Site "?"]
[Date "2016.01.23"]
[Round "7.5"]
[White "Pupak, Tomas"]
[Black "Karas, Marek"]
[Result "0-1"]
[WhiteElo "2043"]
[BlackElo "2234"]
[PlyCount "130"]
[EventDate "2015.??.??"]

1. c4 e5 2. Nc3 Nc6 3. g3 Nf6 4. Bg2 Bb4 5. Nd5 Bc5 6. e3 O-O 7. Ne2 Re8 8. O-O
d6 9. h3 Bf5 10. d4 Bb6 11. a3 exd4 12. Nxd4 Nxd4 13. exd4 Nxd5 14. cxd5 Qd7
15. Kh2 Be4 16. a4 Bxg2 17. Kxg2 Qf5 18. Qf3 Qxf3+ 19. Kxf3 Bxd4 20. Be3 Bxe3
21. fxe3 Re5 22. Rfc1 Rc8 23. e4 f5 24. exf5 Rxf5+ 25. Ke4 Re5+ 26. Kd4 c5+ 27.
dxc6 bxc6 28. Rf1 c5+ 29. Kd3 Rb8 30. Rf2 Rb3+ 31. Kc4 Rxg3 32. Raf1 h5 33.
Rf8+ Kh7 34. R1f7 Re4+ 35. Kb5 Rb4+ 36. Kc6 Rxa4 37. Kxd6 Rb4 38. Rxa7 Rxb2 39.
Rff7 Rh2 40. Kxc5 Rhxh3 41. Kd5 Rh1 42. Ke4 h4 43. Rf4 Kh6 44. Kf5 g6+ 45. Kf6
Rb3 46. Ra6 Rhh3 47. Kf7 Kh5 48. Ra5+ g5 49. Kg7 Rhf3 50. Re4 Rb7+ 51. Kg8 h3
52. Ree5 Rg3 53. Ra1 h2 54. Re2 Rh3 55. Rh1 g4 56. Rhxh2 Rxh2 57. Rxh2+ Kg5 58.
Rf2 g3 59. Rc2 Kg4 60. Rc6 g2 61. Rg6+ Kf3 62. Rf6+ Ke2 63. Rg6 Kf1 64. Rf6+
Kg1 65. Rf5 Rb3 0-1

[Event "SR 1. liga zapad 2015/2016"]
[Site "?"]
[Date "2016.01.23"]
[Round "7.5"]
[White "Jablonicky, Martin"]
[Black "Podoba, Milan"]
[Result "1-0"]
[WhiteElo "2225"]
[BlackElo "2063"]
[PlyCount "57"]
[EventDate "2015.??.??"]

1. b3 d5 2. Bb2 Bf5 3. Nf3 e6 4. e3 Nf6 5. c4 c6 6. cxd5 exd5 7. Be2 Bd6 8. O-O
O-O 9. d3 h6 10. Nbd2 Re8 11. Re1 Nbd7 12. a3 Bh7 13. b4 a5 14. Qb3 axb4 15.
axb4 Qb6 16. Bc3 Reb8 17. Bf1 Qc7 18. Rxa8 Rxa8 19. e4 dxe4 20. dxe4 Ne5 21.
Bxe5 Bxe5 22. Nc4 Ng4 23. g3 Re8 24. Bh3 b5 25. Bxg4 bxc4 26. Qxc4 Bd6 27. e5
Bxe5 28. b5 c5 29. Qd5 1-0

[Event "SR 1. liga zapad 2015/2016"]
[Site "?"]
[Date "2016.01.23"]
[Round "7.5"]
[White "Bombek, Peter"]
[Black "Spacek, Oliver"]
[Result "1/2-1/2"]
[WhiteElo "2179"]
[BlackElo "2181"]
[PlyCount "82"]
[EventDate "2015.??.??"]

1. e4 c5 2. c3 Nf6 3. e5 Nd5 4. d4 cxd4 5. Nf3 Nc6 6. Bc4 Nb6 7. Bb3 d5 8. exd6
Qxd6 9. O-O dxc3 10. Qxd6 exd6 11. Nxc3 Be6 12. Nb5 Kd7 13. Rd1 a6 14. Nbd4 Be7
15. Be3 Bxb3 16. axb3 Nd5 17. Nf5 Nxe3 18. Nxe3 a5 19. Nc4 Ra6 20. Nfe5+ Nxe5
21. Nxe5+ Ke6 22. Nc4 d5 23. Re1+ Kf6 24. Ne3 Bc5 25. Nxd5+ Kg6 26. Rad1 Rd6
27. Rd3 h6 28. Kf1 Rhd8 29. Red1 Kh7 30. Nf4 Rxd3 31. Nxd3 Bb6 32. Ke2 Kg8 33.
Rc1 Kf8 34. Rc4 Rd6 35. Nc5 Bxc5 36. Rxc5 Rb6 37. Rxa5 Rxb3 38. Ra2 Rb6 39. h4
Rb4 40. g3 Rb3 41. Kd2 b6 1/2-1/2

[Event "SR 1. liga zapad 2015/2016"]
[Site "?"]
[Date "2016.01.23"]
[Round "7.5"]
[White "Bury, Rastislav"]
[Black "Kutny, Marian Ml"]
[Result "1-0"]
[WhiteElo "2145"]
[BlackElo "1959"]
[PlyCount "117"]
[EventDate "2015.??.??"]

1. c4 e5 2. Nc3 Nf6 3. g3 d5 4. cxd5 Nxd5 5. Bg2 c6 6. Nf3 Bd6 7. O-O O-O 8. e4
Nxc3 9. bxc3 c5 10. d4 cxd4 11. cxd4 exd4 12. Nxd4 Nc6 13. Nxc6 bxc6 14. Qc2
Be5 15. Rb1 Be6 16. Ba3 Re8 17. Bc5 Qa5 18. a3 Rad8 19. Bb4 Qc7 20. Rfc1 Rc8
21. Bc5 Bd6 22. Qa4 Bxc5 23. Rxc5 g6 24. e5 Bf5 25. Re1 Bd7 26. f4 f6 27. Qc4+
Be6 28. Qc3 fxe5 29. Rxc6 Qd7 30. Rxe5 Bf7 31. h4 Qd1+ 32. Kh2 Rxc6 33. Qxc6
Rd8 34. Rb5 Qg4 35. Qf6 Rf8 36. Rb7 a5 37. Ra7 Qe2 38. Qe5 Qxe5 39. fxe5 Bc4
40. Rxa5 Rf2 41. Kg1 Re2 42. Bf3 Rd2 43. Bg4 h5 44. Bh3 Kf8 45. Ra8+ Ke7 46.
Ra7+ Kf8 47. e6 Re2 48. e7+ Rxe7 49. Rxe7 Kxe7 50. Kf2 Kf6 51. a4 g5 52. a5
gxh4 53. gxh4 Ke5 54. Bf1 Bxf1 55. Kxf1 Kd5 56. Kf2 Kc5 57. Kf3 Kb5 58. Kf4
Kxa5 59. Kg5 1-0

[Event "SR 1. liga zapad 2015/2016"]
[Site "?"]
[Date "2016.01.23"]
[Round "7.5"]
[White "Orgon, Dusan"]
[Black "Ocko, Martin"]
[Result "1/2-1/2"]
[WhiteElo "2035"]
[BlackElo "1966"]
[PlyCount "69"]
[EventDate "2015.??.??"]

1. d4 d5 2. Bg5 h6 3. Bh4 Nd7 4. Nf3 Ngf6 5. e3 e6 6. c4 c6 7. Nc3 Be7 8. Bd3
b6 9. O-O O-O 10. Rc1 Bb7 11. Bg3 Rc8 12. Qe2 c5 13. Nb5 Ne4 14. Bxe4 dxe4 15.
Ne5 a6 16. Nc3 Nxe5 17. dxe5 Qd3 18. Qxd3 exd3 19. Rfd1 Rfd8 20. Rd2 Bc6 21.
Rcd1 b5 22. cxb5 axb5 23. Rxd3 b4 24. Ne2 Bb5 25. Rxd8+ Rxd8 26. Rxd8+ Bxd8 27.
Nc1 c4 28. f3 Bb6 29. Bf2 c3 30. bxc3 bxc3 31. e4 Ba5 32. Bd4 c2 33. Kf2 Bd2
34. Bb2 Bc4 35. g3 1/2-1/2

[Event "SR 1. liga zapad 2015/2016"]
[Site "?"]
[Date "2016.01.23"]
[Round "7.6"]
[White "Lanc, Alois"]
[Black "Motuz, Karol"]
[Result "1/2-1/2"]
[WhiteElo "2325"]
[BlackElo "2286"]
[PlyCount "35"]
[EventDate "2015.??.??"]

1. e4 e5 2. Nf3 Nc6 3. Bb5 a6 4. Ba4 Nf6 5. d3 Bc5 6. O-O d6 7. h3 b5 8. Bb3
Na5 9. Nc3 Nxb3 10. axb3 Bb7 11. Kh1 Qe7 12. Nh2 g6 13. Bg5 h6 14. Bxf6 Qxf6
15. Ng4 Qg5 16. Qe2 O-O 17. Ne3 c6 18. Qg4 1/2-1/2